DESIGN AND ANALYSIS OF ALGORITHMS (Record no. 217039)

MARC details
000 -LEADER
fixed length control field 00471nam a22001697a 4500
008 - FIXED-LENGTH DATA ELEMENTS--GENERAL INFORMATION
fixed length control field 260421b |||||||| |||| 00| 0 eng d
020 ## - INTERNATIONAL STANDARD BOOK NUMBER
International Standard Book Number 978-81-203-4575-1
050 ## - LIBRARY OF CONGRESS CALL NUMBER
Classification number QA 76.9 .A43 M64 2012
Item number C.1
100 ## - MAIN ENTRY--PERSONAL NAME
Personal name MOHAM, CHANDRA
245 ## - TITLE STATEMENT
Title DESIGN AND ANALYSIS OF ALGORITHMS
250 ## - EDITION STATEMENT
Edition statement SECOND EDITION
260 ## - PUBLICATION, DISTRIBUTION, ETC.
Place of publication, distribution, etc. RIMJHIM HOUSE
Name of publisher, distributor, etc. DHELI
Date of publication, distribution, etc. 2012
300 ## - PHYSICAL DESCRIPTION
Extent VIII, 186P. ILL
500 ## - GENERAL NOTE
General note INCLUIDES REFERENCES, INDEX
942 ## - ADDED ENTRY ELEMENTS (KOHA)
Source of classification or shelving scheme Library of Congress Classification
Koha item type Long Loan Book
Holdings
Withdrawn status Lost status Source of classification or shelving scheme Damaged status Not for loan Collection Home library Current library Shelving location Date acquired Inventory number Total checkouts Full call number Barcode Date last seen Copy number Price effective from Koha item type
    Library of Congress Classification     Science & Technology Kisii University Library Kisii University Library On Display 04/21/2026 113192   QA 76.9 .A43 M64 2012 A001680 04/21/2026 C.1 04/21/2026 Long Loan Book
    Library of Congress Classification     Science & Technology Kisii University Library Kisii University Library On Display 04/21/2026 113193   QA 76.9 .A43 M64 2012 A001681 04/21/2026 C.2 04/21/2026 Long Loan Book
    Library of Congress Classification     Science & Technology Kisii University Library Kisii University Library On Display 04/21/2026 113194   QA 76.9 .A43 M64 2012 A001682 04/21/2026 C.3 04/21/2026 Long Loan Book
    Library of Congress Classification     Science & Technology Kisii University Library Kisii University Library On Display 04/21/2026 113195   QA 76.9 .A43 M64 2012 A001679 04/21/2026 C.4 04/21/2026 Long Loan Book